00341nam a2200121Ia 4500008004100000041000800041082001400049100002300063245004500086260004800131300003100179365000900210240624s9999 xx 000 0 und d aeng a338.5 MCK aMCKENZIE RICHARD B aMICROECONOMICS FOR MBAS THE ECONOMIC WAY c2006aCambridgebCambridge University Press axxv, : 689 : p. : cm. ; 23 cb30